Licensing of housing in multiple occupation (Record no. 70086)
[ view plain ]
| 000 -LEADER | |
|---|---|
| fixed length control field | 01283cam a2200241 4500 |
| 001 - CONTROL NUMBER | |
| control field | ABS65391 |
| 008 - FIXED-LENGTH DATA ELEMENTS--GENERAL INFORMATION | |
| fixed length control field | 020426n2002 000 0 eng u |
| 035 ## - SYSTEM CONTROL NUMBER | |
| System control number | (Sirsi) u117702 |
| 100 ## - MAIN ENTRY--PERSONAL NAME | |
| Personal name | Wagstaff, J |
| 245 ## - TITLE STATEMENT | |
| Title | Licensing of housing in multiple occupation |
| 260 ## - PUBLICATION, DISTRIBUTION, ETC. | |
| Date of publication, distribution, etc. | 2002 |
| 490 ## - SERIES STATEMENT | |
| Series statement | Housing |
| Volume/sequential designation | April 2002, 48-49(2) |
| 520 ## - SUMMARY, ETC. | |
| Summary, etc. | Discusses the need to improve the condition of houses in multiple occupation (HMOs) and introduce HMO licensing. Outlines the issues which have prompted action to improve HMOs such as fuel poverty, gas and fossil fuel safety, and fire safety. Looks at the proposed reforms in the Home Conservation Energy Bill, which is due to go to its report stage on 10 May. Describes how local authorities in Scotland are required to operate compulsory licensing schemes and compares this situation with England and Wales. Concludes that acknowledging the concerns of landlords and managing agents should be taken into account if a licensing scheme is introduced. References. |
| 590 ## - LOCAL NOTE (RLIN) | |
| Local note | ABS |
| 650 ## - SUBJECT ADDED ENTRY--TOPICAL TERM | |
| Topical term or geographic name entry element | LICENSING |
| 650 ## - SUBJECT ADDED ENTRY--TOPICAL TERM | |
| Topical term or geographic name entry element | HOUSE CONDITION |
| 650 ## - SUBJECT ADDED ENTRY--TOPICAL TERM | |
| Topical term or geographic name entry element | HOUSES IN MULTIPLE OCCUPATION |
| 650 ## - SUBJECT ADDED ENTRY--TOPICAL TERM | |
| Topical term or geographic name entry element | HOUSES IN MULTIPLE OCCUPATION |
| 650 ## - SUBJECT ADDED ENTRY--TOPICAL TERM | |
| Topical term or geographic name entry element | HOME ENERGY CONSERVATION BILL |
| 650 ## - SUBJECT ADDED ENTRY--TOPICAL TERM | |
| Topical term or geographic name entry element | SCOTLAND |
| 690 ## - LOCAL SUBJECT ADDED ENTRY--TOPICAL TERM (OCLC, RLIN) | |
| Topical term or geographic name as entry element | HOUSING |
| 942 ## - ADDED ENTRY ELEMENTS (KOHA) | |
| Suppress in OPAC | 0 |
| Withdrawn status | Lost status | Source of classification or shelving scheme | Damaged status | Not for loan | Home library | Current library | Shelving location | Date acquired | Total Checkouts | Full call number | Barcode | Date last seen | Copy number | Price effective from | Koha item type |
|---|---|---|---|---|---|---|---|---|---|---|---|---|---|---|---|
| Dewey Decimal Classification | London | London | Journal article | 26/04/2002 | ABS65391 | 117702-1001 | 06/08/2019 | 1 | 06/08/2019 | Journal article |